Sports Quiz

Random Sports or WWE Quiz

Unique WWE Title wins Quiz Stats

Quiz not verified by Sporcle

Challenge
Share
Tweet
Embed
Score 0/12 Timer 03:00
0 Plays Today
Wrestler Match Type % Correct
Ric FlairRoyal Rumble
77.7%
Lots of guysSubmission
73.5%
SheamusTable
68.1%
BatistaSteel Cage
62.2%
Lots of guysPinfall
61.6%
Shawn MichaelsIron Man
59%
KaneFirst Blood
57.8%
The RockLadder
57.8%
JBLTexas Bullrope
44.8%
John CenaTLC
41.4%
Randy OrtonLast Man Standing
40.3%
Bob BacklundThrow in the towel
29.9%

You're not logged in!

Compare scores with friends on all Sporcle quizzes.
Sign Up with Email
OR
Log In

You Might Also Like...

Show Comments

Extras

Top Quizzes Today


Score Distribution

Your Account Isn't Verified!

In order to create a playlist on Sporcle, you need to verify the email address you used during registration. Go to your Sporcle Settings to finish the process.